LEADER 00941nam0-22003251--450- 001 990008312670403321 005 20060414121053.0 035 $a000831267 035 $aFED01000831267 035 $a(Aleph)000831267FED01 035 $a000831267 100 $a20060414d1946----km-y0itay50------ba 101 1 $afre 102 $aFR 105 $ay-------001yy 200 1 $a<>bureaucratie$fLudwig Von Mises$gtraduit de l'anglais par Robert Florin et Pierrette Barbier 210 $aParis$cLibrairie de Medicis$d1946 215 $a138 p.$d20 cm 225 1 $aEditions politiques, economiques et sociales 676 $a351.001$v19$zita 700 1$aVon Mises,$bLudwig$068031 702 1$aFlorin,$bRobert 702 1$aBarbier,$bPierrette 801 0$aIT$bUNINA$gRICA$2UNIMARC 901 $aBK 912 $a990008312670403321 952 $aVI C 106$b41563$fFGBC 959 $aFGBC 996 $aBureaucratie$9434656 997 $aUNINA LEADER 01543nam--2200421---450- 001 990002815160203316 005 20060919105424.0 010 $a88-86946-13-9 035 $a000281516 035 $aUSA01000281516 035 $a(ALEPH)000281516USA01 035 $a000281516 100 $a20060919d1997----km-y0itay50------ba 101 $aita 101 $afre 101 $ager 102 $aIT 105 $aa---||||001yy 200 1 $a<> temi figurativi nella pittura parietale antica$e(4. sec a.C.- 4. sec. d.C.)$eatti del 6. convegno internazionale sulla Pittura parietale antica$e[Bologna, 20-23 settembre 1995]$fa cura di Daniela Scagliarini Corlaita 210 $aImola$cUniversity Press Bologna$dstampa 1997 215 $a423 p.$cill.$d30 cm 225 2 $aStudi e scavi$v5 300 $aIn testa al front.: Dipartimento di archeologia, Universita di Bologna; Association Internationale pour la peinture murale antique, A.I.P.M.A 410 0$12001$aStudi e scavi$v5 454 1$12001 461 1$1001-------$12001 606 0 $aPittura$zSec. 4. a. C.-4.$xCongressi$z1995 676 $a759.938 702 1$aSCAGLIARINI CORLAITA,$bDaniela 710 12$aConvegno internazionale sulla pittura parietale antica$d<6. ;$f1995 ;$eBologna>$0387135 801 0$aIT$bsalbc$gISBD 912 $a990002815160203316 951 $aI AP AIPP 6$b6349 DBC$cI AP 959 $aBK 969 $aDBC 979 $aDBC$b90$c20060919$lUSA01$h1054 996 $aTemi figurativi nella pittura parietale antica$9481745 997 $aUNISA LEADER 03474oam 2200697I 450 001 9910781268103321 005 20230725051810.0 010 $a1-136-83965-8 010 $a1-283-10479-2 010 $a9786613104793 010 $a1-136-83966-6 010 $a0-203-83291-4 024 7 $a10.4324/9780203832912 035 $a(CKB)2550000000032500 035 $a(EBL)668583 035 $a(OCoLC)719099598 035 $a(SSID)ssj0000468825 035 $a(PQKBManifestationID)11287797 035 $a(PQKBTitleCode)TC0000468825 035 $a(PQKBWorkID)10507446 035 $a(PQKB)10009626 035 $a(MiAaPQ)EBC668583 035 $a(Au-PeEL)EBL668583 035 $a(CaPaEBR)ebr10462705 035 $a(CaONFJC)MIL310479 035 $a(EXLCZ)992550000000032500 100 $a20180706d2011 uy 0 101 0 $aeng 135 $aur|n|---||||| 181 $ctxt 182 $cc 183 $acr 200 10$aEnhancing Asia-Europe co-operation through educational exchange /$fGeorg Wiessala 210 1$aLondon :$cRoutledge,$d2011. 215 $a1 online resource (269 p.) 225 1 $aRoutledge contemporary Asia series ;$v30 300 $aDescription based upon print version of record. 311 $a1-138-37681-7 311 $a0-415-48194-5 320 $aIncludes bibliographical references and index. 327 $aBook Cover; Title; Copyright; Contents; Acknowledgements; Abbreviations; 1 Introduction: The 'Japanese Leonardo' and the Asia-Europe conversation; 2 The lands of charm and cruelty: Historical memories, ideas and identities in Asia-Europe relations; 3 Theorizing the meeting of East and West in educational history; 4 Higher Education as foreign policy: Learning, research and exchange in the EU 'Asia Strategies'; 5 Learning, exchange and Human Rights in the EU-Asia dialogue: A case study and a template for discussion 327 $a6 Inter-cultural communication in practice: The contours of the 'European Studies' discipline in Asia7 Conclusions and outlook: intercontinental learning-spaces: Bridging distances - bridging minds; Annexes: EXHIBIT 1: The 'ALA' Regulation; Notes; Bibliography; Index 330 $aThis book examines the ideas of knowledge-transfer and higher education exchange in the relationship between the European Union and countries, regions, universities and think-tanks across Asia. It critically investigates some discourses of particular relevance to the cognitive framework of the academic discipline of 'European Studies', as currently taught across a number of countries in the Asia Pacific. For this purpose, this book presents a range of theoretical explanations, drawn from notions such as the global knowledge village, intercultural dialogue, regional integration, foreign poli 410 0$aRoutledge contemporary Asia series ;$v30. 606 $aEducational exchanges$zAsia 606 $aEducational exchanges$zEurope 606 $aInternational cooperation 607 $aAsia$xRelations$zEurope 607 $aEurope$xRelations$zEurope 615 0$aEducational exchanges 615 0$aEducational exchanges 615 0$aInternational cooperation. 676 $a370.116095 700 $aWiessala$b Georg$f1962-,$0612458 801 0$bMiAaPQ 801 1$bMiAaPQ 801 2$bMiAaPQ 906 $aBOOK 912 $a9910781268103321 996 $aEnhancing Asia-Europe co-operation through educational exchange$93833250 997 $aUNINA